[Event "GCT Paris Blitz 2021"]
[Site "Paris"]
[Date "2021.06.22"]
[Round "10"]
[White "Aronian, Levon"]
[Black "Svidler, Peter"]
[Result "1/2-1/2"]
[WhiteElo "2781"]
[BlackElo "2714"]
[Annotator "TA"]
[PlyCount "91"]
[EventDate "2021.06.21"]
[EventType "tourn"]
[EventCountry "FRA"]
[SourceTitle "playchess.com"]
[Source "ChessBase"]
[SourceQuality "1"]

{[%evp 9,91,7,7,8,18,5,10,3,2,-3,0,0,0,2,0,8,8,0,23,0,0,0,0,-16,-16,-27,-17,
-22,0,0,13,19,18,22,9,18,16,0,63,27,30,34,79,0,30,40,45,0,0,0,0,0,0,0,0,0,0,0,
0,0,0,0,0,0,10,10,10,0,0,1,1,0,0,0,0,0,0,0,0,0,0,0,0,-145]} 1. Nf3 d5 2. e3 Nf6
3. c4 e6 4. Nc3 dxc4 5. Bxc4 a6 6. O-O {A17: English Opening: 1...Nf6 with ...
Bb4.} b5 7. Be2 Bb7 8. b3 Be7 9. Bb2 O-O 10. Rc1 c5 11. a4 b4 12. Nb1 Nbd7 13.
d3 {[#]} Nd5 $146 ({Predecessor:} 13... a5 14. e4 Nb6 15. Nbd2 Rc8 16. Ne5 Nfd7
17. Nxd7 Nxd7 18. Nc4 Nb8 19. e5 Bd5 {1-0 (51) Lysyj,I (2630)-Fakhrutdinov,T 
(2460) Yaroslavl 2018}) 14. Ne5 Nxe5 15. Bxe5 Rc8 16. Qc2 Bf6 17. Qb2 a5 18.
Rc2 Bxe5 19. Qxe5 Qc7 20. Qxc7 Rxc7 21. Rfc1 Rfc8 $1 22. Bf1 Ba6 23. d4 c4 (
23... cxd4 $1 $11 24. Rxc7 Rxc7 25. Rxc7 Nxc7) 24. Bxc4 Nb6 25. Nd2 Bxc4 26.
Nxc4 (26. bxc4 $16 e5 27. dxe5) 26... Nxa4 {Hoping for ...Nb6!} 27. Ra1 Nb6 {
[%cal Rb6c4]} 28. Nxb6 (28. Rxa5 {seems wilder.} f6 29. Ra1 Nxc4 30. Rac1 e5
31. f3) 28... Rxc2 {The position is equal.} 29. Nxc8 Rxc8 $14 {[%mdl 4096]
Endgame KR-KR} 30. Kf1 g6 31. Rxa5 {Black must now prevent Rb5.} Rc3 32. g4
Rxb3 33. Rb5 h6 34. h4 Rb2 35. Kg2 Kg7 36. g5 hxg5 37. hxg5 b3 38. Rb8 Rb1 39.
Kf3 Rg1 40. Rxb3 {Rb5 is the strong threat.} (40. Kf4 {keeps more tension.} Rg2
41. f3 b2 42. e4 Rf2 43. Rb7) 40... Rxg5 41. Rb7 Rf5+ 42. Ke2 Ra5 43. Kf3 Rf5+
44. Ke2 Ra5 45. Kf3 Rf5+ 46. Ke4 {Weighted Error Value: White=0.06/Black=0.06}
(46. Kg2 $11) 1/2-1/2

[Event "GCT Paris Blitz 2021"]
[Site "Paris"]
[Date "2021.06.22"]
[Round "10"]
[White "So, Wesley"]
[Black "Caruana, Fabiano"]
[Result "1/2-1/2"]
[WhiteElo "2770"]
[BlackElo "2820"]
[Annotator "TA"]
[PlyCount "146"]
[EventDate "2021.06.21"]
[EventType "tourn"]
[EventCountry "FRA"]
[SourceTitle "playchess.com"]
[Source "ChessBase"]
[SourceQuality "1"]

{[%evp 12,146,6,0,0,2,0,4,0,4,29,25,43,15,40,24,57,18,60,0,0,0,81,88,91,93,83,
80,85,80,87,89,75,89,87,67,67,68,76,63,70,70,95,94,94,94,94,94,90,93,107,96,92,
91,118,88,88,100,120,88,95,95,115,14,140,140,146,146,146,146,149,152,316,149,
152,139,139,31,183,174,317,317,635,625,546,439,395,388,1327,1298,1271,1239,
1203,989,876,749,3343,2184,1085,1074,29953,1083,1076,100,1076,100,100,100,100,
0,0,0,1061,1006,999,932,825,0,0,0,24,24,32,0,24,0,0,0,0,0,0,0,0,0,0,0,0]} 1. d4
Nf6 2. c4 e6 3. Nc3 Bb4 4. e3 O-O 5. Bd3 c5 6. Nf3 d5 7. cxd5 exd5 {E53:
Nimzo-Indian: Rubinstein: Main Line (4...0-0 5 Nf3 d5 6 Bd3 c5 7 0-0).} 8. dxc5
Nbd7 9. Bd2 Nxc5 10. Be2 {[#]} Bg4 $146 ({Predecessor:} 10... Bf5 11. a3 Bxc3
12. Bxc3 Nfe4 13. Bd4 Ne6 14. O-O Nxd4 15. Qxd4 Qd6 16. Rfd1 Rfd8 {1/2-1/2 (68)
Duda,J (2743)-Caruana,F (2823) Chess.com INT 2020}) 11. a3 Bxf3 12. gxf3 Bxc3
13. Bxc3 Ne6 14. O-O Rc8 15. Qa4 (15. Bb4 $14) 15... d4 $1 $11 {[%cal Rd4c3]}
16. Rad1 {[%cal Rc3d4]} Qb6 (16... b5 $11 17. Qxb5 (17. Bxb5 Qd5 $15) 17... Rb8
) 17. Bxd4 $16 (17. exd4 Nf4 $17) 17... Nxd4 18. Qxd4 Qxd4 19. Rxd4 ({Much
weaker is} 19. exd4 $6 Rc2 $11) 19... Rc2 20. Bd3 {[%cal Rd3c2]} Rxb2 21. Rc1
g6 22. Rc7 Kg7 23. Kg2 a6 24. a4 Ne8 25. Re7 Nf6 26. Bc4 b5 {[#]} 27. Rb7 $1
Rb4 28. axb5 axb5 29. Rxb5 Rxb5 30. Bxb5 {[%mdl 4096] Endgame KRB-KRN} Rc8 31.
Ra4 Rc5 {And now ...Rg5+ would win.} 32. Bc4 g5 33. h3 h6 34. Ba2 Rc7 35. Ra5
Ng8 36. h4 gxh4 37. Kh3 (37. Ra4 $16) 37... Ne7 (37... Rc2 $1 $11 {keeps the
balance.}) 38. Kxh4 Rc1 39. Kg3 Rc7 40. f4 Rc3 41. Ra7 Kf6 (41... Kf8 $16 {
was called for.} 42. Kf3 Rc5) 42. Ra6+ (42. Kg2 $18 {has better winning
chances.}) 42... Kg7 43. Kg4 Rc2 44. Ra7 (44. Kf3 $16) 44... Kf6 $2 (44... Rxf2
$14 45. e4 (45. Rxe7 Rxa2 46. e4 Rg2+ 47. Kh4 Rg1 $11) 45... Kf8) 45. Kf3 $18
Rc3 (45... Kg7 {was necessary.} 46. e4 (46. Rxe7 Rxa2 47. Kg3 Kf6 $16) 46... h5
) 46. Kg2 Rc8 $2 (46... h5 47. e4 Rc2 48. e5+ Kg7) 47. e4 Re8 48. e5+ Kg7 49.
Bb3 Rb8 $2 (49... f5 50. Rb7 Kf8) 50. Rxe7 Rxb3 {KR-KR} 51. f5 $1 Kg8 52. f3 h5
53. Kg3 $1 h4+ 54. Kxh4 Rxf3 55. Kg5 Ra3 56. Re8+ (56. Rb7 $142 Ra6 57. Rb8+
Kh7 58. Rc8 Rb6 59. Rd8 Ra6 60. Rc8 Rb6 61. Rd8) 56... Kg7 57. f6+ Kh7 {[#]}
58. Rf8 $2 (58. Re7 $1 $18 {and the rest is easy.} Kg8 59. Rd7) 58... Ra7 $16
59. Kf5 Rb7 60. Re8 ({Better is} 60. Ra8 $16) 60... Rb1 $11 61. Rf8 Rf1+ $2 {
[%mdl 8192]} (61... Rb7 $11) 62. Ke4 Re1+ {[#]} 63. Kf4 $1 Rf1+ 64. Ke4 $2 ({
White has to play} 64. Kg5 $18 Rg1+ 65. Kh4 Rh1+ 66. Kg4) 64... Re1+ $1 65. Kd5
(65. Kd3 {keeps more tension.} Kg6 66. Rg8+ Kf5 67. Rf8 Rd1+ 68. Ke3) 65... Kg6
(65... Rd1+ {seems wilder.} 66. Kc6 Kg6 67. Rg8+ Kf5 68. Rf8 Kxe5 69. Rxf7 Ke6)
66. Kd6 Ra1 67. Rd8 Kf5 68. Ke7 Kxe5 {The position is equal.} 69. Kxf7 Ra6 $1
70. Re8+ Kf5 71. Kg7 Rxf6 72. Rf8 Rxf8 73. Kxf8 Ke5 {Weighted Error Value:
White=0.38/Black=0.51} 1/2-1/2

[Event "GCT Paris Blitz 2021"]
[Site "Paris"]
[Date "2021.06.22"]
[Round "10"]
[White "Rapport, Richard"]
[Black "Nepomniachtchi, Ian"]
[Result "1/2-1/2"]
[WhiteElo "2763"]
[BlackElo "2792"]
[Annotator "TA"]
[PlyCount "65"]
[EventDate "2021.06.21"]
[EventType "tourn"]
[EventCountry "FRA"]
[SourceTitle "playchess.com"]
[Source "ChessBase"]
[SourceQuality "1"]

{[%evp 14,65,12,22,16,10,13,13,18,16,10,12,10,10,16,0,0,0,0,0,0,-20,-11,-8,-4,
-6,-4,-4,-4,-8,-12,-12,0,0,0,0,0,0,0,0,0,0,0,0,0,0,0,0,0,0,0,0,0,0]} 1. Nf3 d5
2. d4 Nf6 3. c4 e6 4. Nc3 Bb4 5. Bg5 h6 6. Bxf6 Qxf6 7. Qa4+ Nc6 8. e3 {
The position is equal.} O-O {D38: Queen's Gambit Declined: Ragozin Defence (4
Nf3 Bb4).} 9. Rc1 Rd8 10. Be2 dxc4 11. Bxc4 Bxc3+ 12. bxc3 Bd7 13. Be2 {[#]}
Be8 $146 {[#] And now ...Nxd4 would win.} ({Predecessor:} 13... e5 14. Qc2 Bf5
15. Qb2 e4 16. Nd2 Na5 17. O-O c5 18. Rfd1 Rac8 19. Nf1 Bg6 {1-0 (47) Ding,L 
(2805)-Giri,A (2779) Saint Louis 2019}) 14. Qb3 Na5 15. Qa3 b6 16. O-O c5 17.
dxc5 Qe7 $1 18. Nd4 Qxc5 19. Qxc5 bxc5 20. Nb3 Nxb3 21. axb3 Rd2 22. Bc4 Rb8
23. Ra1 Bb5 24. Rxa7 Bxc4 25. bxc4 $11 {[%mdl 4096] Endgame KRR-KRR} Rb3 26.
Rc7 Rxc3 27. Rxc5 Rdc2 28. g3 Rxc4 29. Rxc4 Rxc4 30. Kh1 Kh7 31. Kg1 Kg8 32.
Kh1 Kh7 33. Kg1 {Not much happened in this game.  Weighted Error Value:
White=0.02/Black=0.01} 1/2-1/2

[Event "GCT Paris Blitz 2021"]
[Site "Paris"]
[Date "2021.06.22"]
[Round "10"]
[White "Firouzja, Alireza"]
[Black "Radjabov, Teimour"]
[Result "1-0"]
[WhiteElo "2759"]
[BlackElo "2765"]
[Annotator "TA"]
[PlyCount "197"]
[EventDate "2021.06.21"]
[EventType "tourn"]
[EventCountry "FRA"]
[SourceTitle "playchess.com"]
[Source "ChessBase"]
[SourceQuality "1"]

{[%evp 11,197,13,16,16,17,0,8,0,15,5,19,24,24,22,30,-29,10,8,7,-37,30,24,22,0,
1,0,42,0,37,0,0,0,0,0,0,-15,0,-15,-5,-16,0,0,0,-17,0,0,0,-28,0,0,0,0,0,-2,0,0,
0,0,0,0,0,0,0,0,0,-62,-46,-76,-57,-82,-112,-398,155,160,161,152,176,122,172,
119,148,111,174,184,233,224,227,126,181,114,295,300,312,300,440,320,457,441,
471,465,496,462,648,610,581,562,650,645,747,747,831,762,804,781,757,743,1028,
1028,1000,981,926,893,2114,2096,1925,1793,1641,1612,5887,5820,5813,5820,5813,
5813,5813,5813,5805,5805,5805,0,3863,3856,5595,5567,5485,5460,5037,4358,1881,
1247,1707,1656,2772,2483,3643,1069,5983,1737,1567,1435,29969,29970,29973,29974,
29974,29975,29977,29978,29979,29979,29979,29980,29980,29981,29980,29981,29982,
29983,29985,29985,29985,29986,29986,29986,29988,29987,29989,29990]} 1. e4 e5 2.
Nc3 Nc6 3. Bc4 Nf6 4. d3 Na5 5. Nge2 Nxc4 6. dxc4 d6 7. Ng3 {C28: Vienna Game:
2...Nf6 3 Bc4 Nc6.} Be7 8. h3 Be6 9. b3 {The position is equal.} c6 10. O-O O-O
11. Qf3 {[#]} Re8 $146 ({Predecessor:} 11... g6 12. Rd1 Ne8 13. Bh6 Ng7 14. c5
Qc7 15. cxd6 Bxd6 16. Rd3 f6 17. Rad1 Be7 {1-0 (71) Ponkratov,P (2604)
-Melkumyan,H (2622) Berlin 2015}) 12. Rd1 Qc7 13. Rd3 ({White should try} 13.
a4) 13... Rad8 14. Bg5 h6 15. Be3 a6 (15... b5 $1 $15 16. cxb5 d5) 16. a4 $11
Nd7 17. Nh5 Bf8 18. Rad1 Kh7 19. Ng3 (19. Nd5 $5 cxd5 20. cxd5 $11) 19... a5
20. Nf5 {[%cal Rf5d6]} (20. Nd5 $5 cxd5 21. cxd5 $11 (21. exd5 e4 $17)) 20...
Nc5 $1 {[%cal Rc5d3]} 21. R3d2 g6 22. Ng3 b6 23. Nf1 Bg7 24. Nh2 Qe7 25. Nf1
Rf8 26. Ng3 Bf6 27. Rb1 Bg7 28. Rbd1 Kh8 29. Nce2 Kg8 30. Nc1 Kh7 31. Nd3 Nd7
32. Nf1 f5 33. exf5 gxf5 34. Qxc6 {aiming for Ne1.} f4 35. Bxb6 {[%mdl 64]
Double Attack} Rc8 {[%cal Rc8c6]} 36. Qb5 {Black must now prevent Ne1.} Rb8 $1
{[%cal Rb8b6]} 37. c5 e4 $1 38. Ne1 (38. Nxf4 $11 Rxf4 39. Rxd6) 38... dxc5 $15
39. Rxd7 Bxd7 40. Rxd7 Qe6 41. Qxc5 {[%mdl 8192]} (41. Rc7 $17 Rxb6 42. Qxa5)
41... Rxb6 $2 (41... Qxd7 $19 42. Bxa5 Bd4) 42. Qxf8 $16 {[%csl Gf8][%cal
Rd7g7]} (42. Qxa5 Qxd7 43. Qxb6 Bc3 $19) 42... Qxd7 43. Qxf4 Qe6 44. Ne3 (44.
Nd2 $18) 44... Rd6 {[#]} 45. g4 (45. g3 $1 $18) 45... Rd7 46. N1g2 Rf7 (46...
Rd2 $16 47. Kf1 Qa6+ 48. Nc4 Rxc2) 47. Nf5 $18 Be5 48. Qe3 Bc7 49. Ngh4 (49.
Qe2 $18) 49... Bb6 (49... Rd7 $16 50. Nd4 Qe5) 50. Qf4 (50. Qe2 $18) 50... e3
$2 (50... Rd7 $16 {was worth a try.}) 51. fxe3 Rd7 52. Nf3 Qc6 (52... Bc7 $142
53. N3d4 Bxf4 54. Nxe6 Rd1+ 55. Kf2 Be5) 53. c4 Qe6 (53... Rd1+ {was necessary.
} 54. Kf2 Bc7) 54. Kg2 Bc7 {[#]} 55. N3d4 $1 {[%mdl 512]} Qf6 (55... Bxf4 56.
Nxe6) 56. Qe4 Qe5 (56... Rd8 $142 57. Ne7+ Kh8) 57. Qxe5 Bxe5 {[%mdl 4096]
Endgame KRB-KNN} 58. Kf3 Kg6 59. Ke4 Bb8 60. c5 Rb7 61. Nb5 h5 62. c6 Rh7 63.
gxh5+ Rxh5 64. Ne7+ (64. c7 Bxc7 65. Nxc7 Rxf5 $11) 64... Kf7 65. Nd5 ({
Weaker is} 65. c7 Bxc7 66. Nf5 (66. Nxc7 Kxe7 67. Nd5+ Kd6 $11) 66... Bd8 $11)
65... Rh4+ 66. Kd3 Ke6 {[#]} 67. c7 $1 Bxc7 68. Ndxc7+ Ke5 69. Nd4 Rxh3 70.
Ncb5 Kd5 71. Na3 Kc5 72. Nc4 Kb4 73. Ne5 Kc5 74. Nec6 Kb6 75. Ne5 Kc5 76. Ng6
Rh1 77. Nf4 Rh8 78. Ke4 Re8+ 79. Nfe6+ Kd6 80. Kd3 Rh8 81. Ng5 Kc5 82. Ne4+ Kb4
83. Nd2 Rh3 84. Nc6+ Kc5 85. Nxa5 Kb4 86. Nc6+ {White mates.} Kc5 87. Nd4 Kb4
88. Nc2+ Kc5 89. b4+ Kd5 90. Ne4 Rh1 91. Nc3+ Kc6 92. Nd4+ Kd6 93. a5 {[%cal
Ba4a5,Ba5a6,Ba6a7][%mdl 32]} Ra1 94. Kc4 Re1 95. a6 Kc7 96. b5 Ra1 97. e4 Kd6
98. Nc2 Rc1 {[#]} 99. a7 $1 {Weighted Error Value: White=0.29/Black=0.37} 1-0

[Event "GCT Paris Blitz 2021"]
[Site "Paris"]
[Date "2021.06.22"]
[Round "11"]
[White "Caruana, Fabiano"]
[Black "Nepomniachtchi, Ian"]
[Result "1/2-1/2"]
[WhiteElo "2820"]
[BlackElo "2792"]
[Annotator "TA"]
[PlyCount "89"]
[EventDate "2021.06.21"]
[EventType "tourn"]
[EventCountry "FRA"]
[SourceTitle "playchess.com"]
[Source "ChessBase"]
[SourceQuality "1"]

{[%evp 10,89,15,9,46,0,-1,1,12,12,25,16,16,0,13,10,18,29,45,54,37,39,41,39,28,
11,23,8,26,16,19,-5,0,0,-4,-4,0,0,0,0,0,0,0,0,12,8,116,121,120,0,129,17,16,13,
12,12,18,0,0,0,0,0,0,0,0,0,0,0,0,0,0,0,0,0,0,0,0,0,8,0,0,0]} 1. d4 Nf6 2. Nf3
e6 3. c4 d5 4. Nc3 Bb4 5. Qb3 c5 6. dxc5 Nc6 {aiming for ...d4. D38: Queen's
Gambit Declined: Ragozin Defence (4 Nf3 Bb4).} 7. e3 O-O 8. Be2 dxc4 9. Qxc4
Qe7 10. a3 Bxc5 11. O-O {[#]} a6 $146 ({Predecessor:} 11... a5 12. e4 Ng4 13.
Bf4 f6 14. Rac1 Ba7 15. Nb5 Bb8 16. Bxb8 Rxb8 {1-0 (45) Jerez Perez,A (2434)
-Glavina,P (2458) Sanxenxo 2004}) 12. b4 Ba7 13. Bb2 Bd7 14. Qh4 h6 15. Rfd1
Rad8 16. b5 axb5 17. Nxb5 Bc5 18. Rac1 {Threatens to win with Bxf6.} e5 19. h3
Bf5 20. g4 Bg6 21. g5 hxg5 22. Qxg5 {[%cal Rf3e5]} ({Don't play} 22. Nxg5 Ne4
$1 $15) 22... Rxd1+ 23. Rxd1 {[%cal Rb2e5]} Qe6 {Strongly threatening ...Ne4.}
24. Nxe5 Nxe5 25. Bxe5 Ne4 26. Qf4 Re8 27. Bd4 {[%cal Rd4c5]} Bxd4 (27... Qxh3
$11 28. Bxc5 Nxc5) 28. Rxd4 $16 {Nc7 is the strong threat.} Qxh3 {[#]} 29. Bg4
({White must play} 29. Nc7 $1 $16 {[%cal Rc7e8]} Rf8 30. Rxe4 Bxe4 31. Qxe4)
29... Qh6 {[#]} (29... Qh4 $11) 30. Qxh6 (30. Nc7 $1 $16 Rb8 31. Rxe4 Bxe4 32.
Qxe4) 30... gxh6 $11 {The position is equal.} 31. Bf3 Re5 32. a4 Kg7 33. Nd6
Nxd6 34. Rxd6 {[%mdl 4096] Endgame KRB-KRB} Ra5 (34... Be4 {seems wilder.} 35.
Bxe4 Rxe4 36. Rb6 Rg4+ 37. Kf1 Rxa4 38. Rxb7 h5) 35. Rd4 (35. Bd1 {feels
hotter.} Be4 36. Kh2 Bc6 37. Rd4 Kf6 38. Rf4+) 35... b5 36. axb5 Rxb5 37. Rd5
Rxd5 38. Bxd5 {KB-KB} Kf6 39. f4 Kg7 40. Kf2 Bb1 41. Kg3 f6 42. Bg2 Bc2 43. Bh1
Bb1 44. Bg2 Bc2 45. Bh1 {Weighted Error Value: White=0.17/Black=0.17} 1/2-1/2

[Event "GCT Paris Blitz 2021"]
[Site "Paris"]
[Date "2021.06.22"]
[Round "11"]
[White "Aronian, Levon"]
[Black "Rapport, Richard"]
[Result "1-0"]
[WhiteElo "2781"]
[BlackElo "2763"]
[Annotator "TA"]
[PlyCount "99"]
[EventDate "2021.06.21"]
[EventType "tourn"]
[EventCountry "FRA"]
[SourceTitle "playchess.com"]
[Source "ChessBase"]
[SourceQuality "1"]

{[%evp 9,99,0,40,40,43,36,33,23,41,12,6,0,53,39,54,37,49,27,58,15,42,0,38,32,
43,33,39,37,60,60,64,64,67,68,68,63,78,19,24,27,59,52,68,64,67,73,68,70,213,
221,418,426,426,416,394,387,402,304,541,529,506,496,865,865,904,1016,924,890,
1555,1336,2619,2671,12797,6129,6618,9439,6195,5517,29975,29977,29975,29976,
29974,29976,29974,29973,29981,29983,29983,29984,29992,29993]} 1. d4 Nf6 2. Nf3
g6 3. Nc3 d5 4. Bf4 c6 5. e3 Bg4 6. h3 {D00: 1 d4 d5: Unusual lines.} Bxf3 7.
Qxf3 Nbd7 {[#]} 8. g4 $146 {White is slightly better.} ({Predecessor:} 8. Bd3
Qb6 9. O-O-O e6 10. g4 Bb4 11. Ne2 Qa5 12. Kb1 Be7 13. h4 c5 14. c3 {1-0 (93)
Alekseenko,K (2696)-Matinian,N (2475) Chess.com INT 2020}) 8... e6 9. Bd3 Bb4
10. O-O h5 (10... O-O $11) 11. g5 $14 Ng8 12. Ne2 Ne7 13. c4 Ba5 14. Qg3 Rc8
15. b4 Bc7 16. Bxc7 Rxc7 17. c5 Nf5 18. Bxf5 h4 19. Qd6 {[#] Strongly
threatening Bg4.} gxf5 20. Kh1 Nf8 21. Qxd8+ Kxd8 22. f4 Kd7 23. b5 (23. Kg2
$16) 23... b6 24. a4 {[%cal Ba2a4,Ba4a5,Ba5b6][%mdl 32]} Ng6 25. Kg2 Rb8 26.
Rfb1 Ne7 27. Kf3 Kc8 28. Nc3 Kd7 {[#] This move loses the game for Black.} (
28... bxc5 $14 29. dxc5 cxb5) 29. a5 $1 $18 bxc5 $2 (29... Nc8 30. bxc6+ Rxc6)
30. b6 axb6 31. axb6 Rcb7 32. dxc5 e5 33. Ra7 exf4 $2 (33... Ng6 34. Ne2 Kc8)
34. exf4 Kc8 35. Rba1 Kd7 (35... d4 $142 36. Ne2 Rxa7 37. Rxa7 Rb7 38. Ra8+ Rb8
) 36. Ne2 Nc8 37. Rxb7+ Rxb7 {[%mdl 4096] Endgame KRN-KRN} 38. Nd4 Ne7 39. Ra8
Ng6 40. Ra7 Kc8 41. Rxb7 Kxb7 42. Nxf5 {KN-KN} Ka6 43. Nd6 d4 44. f5 {White
mates.} Ne5+ 45. Ke4 d3 46. Ke3 d2 47. Ke2 Nf3 48. g6 fxg6 49. fxg6 Ng1+ 50.
Kxd2 {Weighted Error Value: White=0.09/Black=0.48} 1-0

[Event "GCT Paris Blitz 2021"]
[Site "Paris"]
[Date "2021.06.22"]
[Round "11"]
[White "Radjabov, Teimour"]
[Black "So, Wesley"]
[Result "1/2-1/2"]
[WhiteElo "2765"]
[BlackElo "2770"]
[Annotator "TA"]
[PlyCount "29"]
[EventDate "2021.06.21"]
[EventType "tourn"]
[EventCountry "FRA"]
[SourceTitle "playchess.com"]
[Source "ChessBase"]
[SourceQuality "1"]

{[%evp 27,29,0,0,0]} 1. e4 e5 2. Nf3 Nc6 3. Bb5 Nf6 4. O-O Nxe4 5. d4 Nd6 6.
dxe5 Nxb5 7. a4 Nbd4 8. Nxd4 Nxd4 9. Qxd4 d5 10. exd6 Qxd6 11. Qe4+ Qe6 12. Qd4
Qd6 13. Qe4+ Qe6 14. Qd4 Qd6 {[#]} 15. Qe4+ $146 {A rather calm draw. C67: Ruy
Lopez: Berlin Defence: 4 0-0 Nxe4.} ({Predecessor:} 15. Qe3+ Be7 16. Nc3 c6 17.
Ne4 Qg6 18. Nc5 Qd6 19. Re1 b6 20. Ne4 Qe5 21. a5 bxa5 22. Rxa5 Qc7 23. Rg5 Kf8
24. Rxg7 h6 25. Qd4 Be6 26. Rg6 fxg6 27. Qxh8+ {1-0 (25) Abdusattorov,N (2627)
-Nakamura,H (2736) Chess.com INT 2021}) 1/2-1/2

[Event "GCT Paris Blitz 2021"]
[Site "Paris"]
[Date "2021.06.22"]
[Round "11"]
[White "Vachier-Lagrave, Maxime"]
[Black "Firouzja, Alireza"]
[Result "1-0"]
[WhiteElo "2760"]
[BlackElo "2759"]
[Annotator "TA"]
[PlyCount "145"]
[EventDate "2021.06.21"]
[EventType "tourn"]
[EventCountry "FRA"]
[SourceTitle "playchess.com"]
[Source "ChessBase"]
[SourceQuality "1"]

{[%evp 16,145,38,38,39,0,0,1,0,-16,-16,-20,-19,-20,-18,-114,-106,-101,-145,
-117,-92,-109,-87,-167,0,0,142,142,126,71,96,100,216,211,218,136,132,134,161,
138,246,246,246,246,246,246,246,246,246,246,246,246,246,246,245,245,227,215,
208,207,207,208,208,208,208,208,208,208,208,208,208,208,208,185,189,184,186,
147,191,140,147,149,185,160,235,126,387,387,373,383,346,296,12835,12835,12836,
12836,12837,12837,12837,12837,12837,12837,12840,12840,12841,12841,12842,12843,
12849,12850,12850,12850,27999,27999,27999,27999,27999,27998,27999,27999,27999,
27995,27996,27996,27999,27999,27996,27996,27997,27996,27997,27997]} 1. e4 c5 2.
Nf3 Nc6 3. c3 Nf6 4. e5 Nd5 5. Bc4 Nb6 6. Bb3 c4 7. Bc2 d5 {7...d6 is a
critical line.} 8. exd6 Qxd6 9. O-O g6 {B22: Sicilian: 2 c3.} 10. a4 $5 {
[%mdl 4] Exploring less charted territory.} Bg7 11. a5 Nd5 {[#] The position
is equal.} 12. d3 $146 ({Predecessor:} 12. a6 b5 13. Na3 Rb8 14. d3 cxd3 15.
Bxd3 Bxa6 16. Qe2 Qc5 17. Nc2 Bc8 18. Ncd4 Nxd4 19. cxd4 {0-1 (49) Sanal,V 
(2571)-Zhigalko,S (2572) Chess.com INT 2021}) 12... cxd3 13. Bxd3 O-O 14. Be4
Rd8 15. Na3 (15. Qa4 $11) 15... Nxc3 $1 $17 {[%mdl 64] Double Attack,
Discovered Attack} 16. Qxd6 Ne2+ 17. Kh1 Rxd6 18. Nb5 Rd8 19. a6 (19. Bg5 $17)
19... Rb8 $2 (19... f5 $19 20. axb7 Bxb7 21. Bxc6 Bxc6) 20. Be3 $11 Ned4 (20...
Bf5 $11 {remains equal.} 21. Bxc6 bxc6 22. Nxa7 Be4) 21. Nbxd4 $16 Nxd4 22. Bf4
(22. Rfd1 $142) 22... e5 23. Nxe5 Bf5 (23... f5 $16 {was necessary.}) 24. Bxf5
$18 Nxf5 25. Nc4 b5 26. Bxb8 Rxb8 27. Na5 {aiming for Nc6.} Bxb2 (27... Rb6 $16
) 28. Nc6 Rb6 29. Nxa7 Bxa1 30. Rxa1 {[%mdl 4096] Endgame KRN-KRN} Nd6 {[#]}
31. Nc6 {[%mdl 512]} Rxc6 {KRN-KR} 32. a7 Rc8 {...Ra8 is the strong threat.}
33. a8=Q Rxa8 34. Rxa8+ {KR-KN} Kg7 35. Rd8 Nc4 36. Rd5 Na3 37. Kg1 Kf6 38. Kf1
Ke6 39. Rd3 Nc4 40. Rd8 h5 41. Rb8 Nd6 42. Ke2 Kd5 43. Kd3 Kc5 44. f3 Kd5 45.
Ra8 Ke5 46. Ra1 Kd5 47. Re1 (47. g3 $18) 47... Nc4 48. Re7 Kd6 49. Ra7 Ne5+ (
49... Kd5 $16 50. Kc3 Nd6) 50. Kc3 ({Better is} 50. Ke4 $18) 50... Ke6 $2 {
[%mdl 8192] Loses the game.} (50... g5 $16 51. Ra8 h4) 51. Rb7 Nc4 52. Rxb5 Ne3
53. g3 h4 $2 (53... Nf5 54. Ra5 Nd6) 54. gxh4 Nf5 55. h5 gxh5 56. Kd3 Kf6 57.
Ra5 Kg6 58. Ke4 Nd6+ 59. Kf4 f6 60. Rc5 Ne8 61. Rc1 Ng7 62. Rg1+ Kf7 {[#]} 63.
Rxg7+ $1 {[%mdl 512]} Kxg7 {KPP-KPP} 64. Kf5 {White mates.} h4 65. Kg4 Kg6 66.
Kxh4 {KPP-KP} Kf5 67. Kg3 Kg5 68. h4+ Kf5 69. Kg2 Ke5 70. h5 Kf5 {[#]} 71. f4
$1 Ke6 72. Kf3 ({Weaker is} 72. h6 Kf7 $11) 72... f5 73. Ke3 {Weighted Error
Value: White=0.17/Black=0.29} ({Inferior is} 73. h6 Kf6 $11) 1-0